Statistics for Countries of the World; Name Reversed, by Alphabetical Order

Click here to take the quiz!

General Stats

  • This quiz has been taken 33 times
    (7 since last reset)
  • The average score is 129 of 196

Answer Stats

Country Name (Reversed)% Correct
abuC
100%
aciamaJ
100%
acinimoD
100%
aciR atsoC
100%
acirfA htuoS
100%
adanaC
100%
adubraB dna augitnA
100%
aeniuG
100%
aeniuG lairotauqE
100%
aeniuG weN aupaP
100%
aeroK htroN
100%
aeroK htuoS
100%
agnoT
100%
manteiV
100%
modgniK detinU
100%
najiabrezA
100%
namO
100%
narI
100%
natshkazaK
100%
natsikebzU
100%
natsikijaT
100%
natsinahgfA
100%
natsinemkruT
100%
natszygryK
100%
nemeY
100%
adanerG
67%
adnagU
67%
adnawR
67%
aertirE
67%
aibarA iduaS
67%
aibimaN
67%
aibmaG
67%
aibmaZ
67%
aibmoloC
67%
aibreS
67%
aicuL tniaS
67%
aidnI
67%
aidobmaC
67%
aigroeG
67%
aikavolS
67%
ailamoS
67%
ailartsuA
67%
ailognoM
67%
ainablA
67%
ainamoR
67%
ainatiruaM
67%
ainauhtiL
67%
ainaznaT
67%
ainemrA
67%
ainevolS
67%
ainodecaM
67%
ainotsE
67%
aipoihtE
67%
airagluB
67%
airebiL
67%
airegiN
67%
aireglA
67%
airtsuA
67%
airyS
67%
aisenodnI
67%
aisenorciM fo setatS detaredeF
67%
aisinuT
67%
aissuR
67%
aisyalaM
67%
aitaorC
67%
aiviloB
67%
aivtaL
67%
aknaL irS
67%
alametauG
67%
aleuzeneV
67%
alognA
67%
amanaP
67%
anahG
67%
anawstoB
67%
anayuG
67%
anihC
67%
anitnegrA
67%
anivogezreH dna ainsoB
67%
aomaS
67%
arrodnA
67%
atlaM
67%
augaraciN
67%
avodloM
67%
aybiL
67%
ayneK
67%
cilbupeR hcezC
67%
cilbupeR nacinimoD
67%
cilbupeR nacirfA lartneC
67%
dahC
67%
dnalaeZ weN
67%
dnalecI
67%
dnalerI
67%
dnaliahT
67%
dnalniF
67%
dnaloP
67%
eceerG
67%
ecnarF
67%
elihC
67%
emaniruS
67%
eniarkU
67%
enoeL arreiS
67%
eriovI'd etoC
67%
eropagniS
67%
euqibmazoM
67%
ewbabmiZ
67%
ezileB
67%
gruobmexuL
67%
hsedalgnaB
67%
idnuruB
67%
ijiF
67%
ilaM
67%
initawsE
67%
itiaH
67%
ituobijD
67%
iwalaM
67%
kramneD
67%
lageneS
67%
lapeN
67%
learsI
67%
lizarB
67%
muigleB
67%
nadroJ
67%
naduS
67%
naduS htuoS
67%
napaJ
67%
natsikaP
67%
natuhB
67%
nawiaT
67%
nedewS
67%
niapS
67%
niarhaB
67%
nietsnethceiL
67%
nineB
67%
nobaG
67%
nonabeL
67%
nooremaC
67%
ohtoseL
67%
orgenetnoM
67%
ovosoK
67%
samahaB
67%
sdnalrehteN
67%
sdnalsI llahsraM
67%
sdnalsI nomoloS
67%
sellehcyeS
67%
senidanerG eht dna tnecniV tniaS
67%
setarimE barA detinU
67%
setatS detinU
67%
sevidlaM
67%
siveN dna sttiK tniaS
67%
soromoC
67%
suitiruaM
67%
surpyC
67%
tiawuK
67%
tpygE
67%
ualaP
67%
uassiB aeniuG
67%
ulavuT
67%
ureP
67%
uruaN
67%
utaunaV
67%
yaugaraP
67%
yaugurU
67%
yawroN
67%
yekruT
67%
ylatI
67%
ynamreG
67%
ytiC nacitaV
67%
dnalreztiwS
33%
edreV epaC
33%
epicnirP dna emoT oaS
33%
ienurB
33%
itabiriK
33%
lagutroP
33%
ocanoM
33%
occoroM
33%
ocixeM
33%
ogaboT dna dadinirT
33%
ognoC eht fo cilbupeR
33%
ognoC eht fo cilbupeR citarcomeD
33%
ogoT
33%
oniraM naS
33%
osaF anikruB
33%
qarI
33%
racsagadaM
33%
ramnayM
33%
rataQ
33%
regiN
33%
rodaucE
33%
rodavlaS lE
33%
romiT tsaE
33%
sarudnoH
33%
senippilihP
33%
soaL
33%
sodabraB
33%
suraleB
33%
yragnuH
33%

Score Distribution

Percentile by Number Answered

Percent of People with Each Score

Your Score History

You have not taken this quiz since the last reset